Economics. / (Record no. 3055)
[ view plain ]
| 000 -LEADER | |
|---|---|
| fixed length control field | 01570nam a22002057a 4500 |
| 008 - FIXED-LENGTH DATA ELEMENTS--GENERAL INFORMATION | |
| fixed length control field | 140620b xxu||||| |||| 00| 0 eng d |
| 020 ## - INTERNATIONAL STANDARD BOOK NUMBER | |
| International Standard Book Number | 9780077129521 |
| 050 ## - LIBRARY OF CONGRESS CALL NUMBER | |
| Classification number | HB171.5.B695 |
| 100 ## - MAIN ENTRY--PERSONAL NAME | |
| Personal name | Begg, David. |
| 245 ## - TITLE STATEMENT | |
| Title | Economics. / |
| Statement of responsibility, etc. | David Begg. |
| 250 ## - EDITION STATEMENT | |
| Edition statement | 10th ed. |
| 260 ## - PUBLICATION, DISTRIBUTION, ETC. | |
| Place of publication, distribution, etc. | London: |
| Name of publisher, distributor, etc. | McGraw Hill, |
| Date of publication, distribution, etc. | 2011. |
| 300 ## - PHYSICAL DESCRIPTION | |
| Extent | xxxv,716p.: |
| Other physical details | ill.; |
| Dimensions | 25cm. |
| 500 ## - GENERAL NOTE | |
| General note | Includes index, glossary and appendix. |
| 505 ## - FORMATTED CONTENTS NOTE | |
| Formatted contents note | Contents: Introduction: Economics and the economy -- Tools of economic analysis -- Demand, supply and the market -- Positive microeconomics: Elasticities of demand and supply -- Consumer choice and demand decisions -- Introducing supply decisions -- Costs and supply -- Perfect competition and pure monopoly -- Market structure and imperfect competition -- The labour market -- Factor markets and income distribution -- Risk and information -- Welfare economics: Welfare economics -- Government spending and revenue -- Macroeconomics: Introduction to macroeconomics -- Output and aggregate demand -- Fiscal policy and foreign trade -- Money and banking -- Interest rates and monetary transmission -- Monetary and fiscal policy -- Aggregate supply, prices and adjustment to shocks -- Inflation, expectations and credibility -- Unemployment -- Exchange rates and the balance of payments -- Open economy macroeconomics -- Economic growth Business cycles -- The World economy: International trade -- Exchange rate regimes. |
| 700 ## - ADDED ENTRY--PERSONAL NAME | |
| Personal name | Vernasca, Gianluigi. |
| 700 ## - ADDED ENTRY--PERSONAL NAME | |
| Personal name | Fischer, Stanley. |
| 700 ## - ADDED ENTRY--PERSONAL NAME | |
| Personal name | Dornbusch, Rudiger. |
| 942 ## - ADDED ENTRY ELEMENTS (KOHA) | |
| Source of classification or shelving scheme | Library of Congress Classification |
| Koha item type | Books |
| Withdrawn status | Lost status | Source of classification or shelving scheme | Damaged status | Not for loan | Home library | Current library | Shelving location | Date acquired | Total Checkouts | Full call number | Barcode | Date last seen | Copy number | Price effective from | Koha item type |
|---|---|---|---|---|---|---|---|---|---|---|---|---|---|---|---|
| Library of Congress Classification | WISCONSIN INTERNATIONAL UNIVERSITY COLLEGE, GHANA - MAIN LIBRARY | WISCONSIN INTERNATIONAL UNIVERSITY COLLEGE, GHANA - MAIN LIBRARY | Reference | 20/06/2014 | HB171.5.B695 | 7755/182/14 | 20/06/2014 | 1 | 20/06/2014 | Books | |||||
| Library of Congress Classification | WISCONSIN INTERNATIONAL UNIVERSITY COLLEGE, GHANA - MAIN LIBRARY | WISCONSIN INTERNATIONAL UNIVERSITY COLLEGE, GHANA - MAIN LIBRARY | Reference | 20/06/2014 | HB171.5.B6951 | 7756/183/14 | 20/06/2014 | 2 | 20/06/2014 | Books |
